| 000 | 01345nam a2200217 a 4500 | ||
|---|---|---|---|
| 008 | 120416s0000 ||||||||||||||||| || u | ||
| 020 | _a0470208945 | ||
| 050 | _aTJ 211 Ruo | ||
| 100 | _aRuocco, S. R | ||
| 245 | 1 | 0 |
_aRobot sensors and transducers _c(and) edited by P. G. Davey |
| 260 |
_aNew York _bHalsted Press _c1987 |
||
| 300 | _axix, 166p. : ill. | ||
| 350 | _a0.00 | ||
| 700 | _aDavey, P. G | ||
| 995 |
_aANNEX COLLECTION (Main Library) _D0.00 _e712911 _FCBU-MAIN LIBRARY (Kitwe) _H1 _I32.50 _jTJ 211 Ruo _UAVAILABLE _y017860 _ZAnnex Low-Usage Collection |
||
| 995 |
_aANNEX COLLECTION (Main Library) _D0.00 _e721661 _FCBU-MAIN LIBRARY (Kitwe) _H5 _I32.50 _jTJ 211 Ruo _UAVAILABLE _y017862 _ZAnnex Low-Usage Collection |
||
| 995 |
_aANNEX COLLECTION (Main Library) _D0.00 _e712910 _FCBU-MAIN LIBRARY (Kitwe) _H3 _I32.50 _jTJ 211 Ruo _UAVAILABLE _y017863 _ZAnnex Low-Usage Collection |
||
| 995 |
_aANNEX COLLECTION (Main Library) _D0.00 _e712909 _FCBU-MAIN LIBRARY (Kitwe) _H2 _I32.50 _jTJ 211 Ruo _UAVAILABLE _y017859 _ZAnnex Low-Usage Collection |
||
| 995 |
_aMAIN LIBRARY OPEN ACCESS _D0.00 _e712908 _FCBU-MAIN LIBRARY (Kitwe) _H6 _I32.50 _jTJ 211 Ruo _UAVAILABLE _y017861 _ZMain Library Open Access Collection |
||
| 995 |
_aMAIN LIBRARY OPEN ACCESS _D0.00 _e721660 _FCBU-MAIN LIBRARY (Kitwe) _H4 _I32.50 _jTJ 211 Ruo _UAVAILABLE _y017864 _ZMain Library Open Access Collection |
||
| 999 |
_c80239 _d80239 |
||